Future of Money in the Information Age/ (Record no. 36423)

MARC details
000 -LEADER
fixed length control field 00450nam a22001577a 4500
005 - DATE AND TIME OF LATEST TRANSACTION
control field 20240820120011.0
008 - FIXED-LENGTH DATA ELEMENTS--GENERAL INFORMATION
fixed length control field 240820b |||||||| |||| 00| 0 eng d
020 ## - INTERNATIONAL STANDARD BOOK NUMBER
ISBN 1-882577-52-3
082 ## - DEWEY DECIMAL CLASSIFICATION NUMBER
Classification number 332.0285
Item number FUT
245 ## - TITLE STATEMENT
Title Future of Money in the Information Age/
Statement of responsibility, etc. James A. Dorn
260 ## - PUBLICATION, DISTRIBUTION, ETC.
Place of Publication Washington;
Name of publisher, distributor, etc. CATO Institute;
Date of publication, distribution, etc. 1997
300 ## - PHYSICAL DESCRIPTION
Pages vii, 171 p.:
500 ## - GENERAL NOTE
General note Includes index.
650 ## - SUBJECT ADDED ENTRY--TOPICAL TERM
Subject / Department Social Sciences
300 ## - PHYSICAL DESCRIPTION
-- ill.;
-- 23 cm.
952 ## - LOCATION AND ITEM INFORMATION (KOHA)
-- 0
-- 0
Holdings
Lost status Damaged status Collection code Permanent Location Current Location Shelving Location Date acquired Full Call Number Accession No./Barcode Date last seen item type Koha item type
    Science Superior Information Resource Center (SIRC) Superior University - City Campus Superior Information Resource Center (SIRC) Superior University - City Campus Economics 08/20/2024 332.4082 FUT 1997 2345 08/20/2024 BOOK BOOK

Powered by Koha